| 000 | 00487nam a2200181Ia 4500 | ||
|---|---|---|---|
| 008 | 230917s9999||||xx |||||||||||||| ||und|| | ||
| 020 | _cUSD60 | ||
| 040 |
_e229629 _aMAIN |
||
| 041 | _aEnglish | ||
| 082 | _a657.48 S51I(18) | ||
| 100 | _aStice, Earl K | ||
| 245 | 0 | _aIntermediate financial accounting | |
| 250 | _a18th ed. | ||
| 260 |
_aNew York _bCengage Learning _c2008 |
||
| 300 | _av. p. | ||
| 500 | _a2202 10/12/2015 PBA15/602 15/12/2015 IMSAR (Dev. & Research) | ||
| 942 | _cBK | ||
| 999 |
_c16816 _d16816 |
||